| 000 | 00996nam a2200241 a 4500 | ||
|---|---|---|---|
| 001 | 83393 | ||
| 003 | BD-RjUL | ||
| 005 | 20240319094753.0 | ||
| 008 | 240319s2008 bg a|||| m||| 00| 0 eng d | ||
| 035 | _a(BD-RjUL)83393 | ||
| 040 |
_aBD-RjUL _beng _cBD-RjUL _dBD-RjUL |
||
| 041 | _aeng | ||
| 082 |
_223 _a373.5492 _bCHS 2008 |
||
| 100 |
_aChowdhury, Shormin Ferdous _912403 |
||
| 245 | 1 | 0 |
_aSocio-Economic Parameters of teen-age Marriage and its Impact on Dropout of Female Students at Secondary Level in Rural Bangladesh / _cShormin Ferdous Chowdhury ; _6Supervisor : Anwarul Hasan Sufi |
| 260 |
_aRajshahi : _bInstitute of Education and Research, University of Rajshahi, _c2008 |
||
| 300 |
_axx, 208 Leaves : _bill, ; _c29 cm. |
||
| 502 | _aThesis (Ph. D.) -- Institute of Education and Research, University of Rajshahi, 2008 | ||
| 504 | _aReferences : Leaves 185-196 | ||
| 650 |
_aSecondary Education _zBangladesh _99967 |
||
| 700 |
_aSufi, Anwarul Hasan, Supervisor _91702 |
||
| 942 |
_2ddc _cTHE |
||
| 999 |
_c83393 _d83393 |
||